What men live by and where love is, there God is also. (Record no. 3956)

000 -LEADER
fixed length control field 00532nam a2200169 a 4500
001 - CONTROL NUMBER
control field :::00001693$&:&@@
003 - CONTROL NUMBER IDENTIFIER
control field OkBaRHE
005 - DATE AND TIME OF LATEST TRANSACTION
control field 20100331150019.0
008 - FIXED-LENGTH DATA ELEMENTS--GENERAL INFORMATION
fixed length control field j 000 0 eng u
040 ## - CATALOGING SOURCE
Transcribing agency
100 1# - MAIN ENTRY--PERSONAL NAME
Personal name Tolstoy, Leo
245 10 - TITLE STATEMENT
Title What men live by and where love is, there God is also.
260 ## - PUBLICATION, DISTRIBUTION, ETC. (IMPRINT)
Place of publication, distribution, etc Westwood, New Jersey
Name of publisher, distributor, etc Fleming H. Revell Company
300 ## - PHYSICAL DESCRIPTION
Extent 64 p. ;
Dimensions 16.5 cm.
942 ## - ADDED ENTRY ELEMENTS (KOHA)
Source of classification or shelving scheme
Koha item type Books
Copies
Barcode Price effective from Koha item type Copy number Source of classification or shelving scheme Date last seen Date acquired Permanent Location Withdrawn status Lost status Not for loan Full call number Shelving location Damaged status
16932010-04-14Books1 2010-04-142010-04-14RHEMA Bible Training College   PG 36366 .C5 R4General Stacks